=LDR 00000nam 2200000 4500 =001 INLIS000000000034699 =005 20130612140609 =008 ***********************************ind** =035 ##$$0010-061300000034699 =041 ##$$a ind =082 ##$$a 028.5 =090 ##$$a 028.5, Tre s =100 ##$$a Tresna, Alya =245 ##$$a Super erlyna, alya tresna;Penyunting,dadan Ramadhan, hendra wibawa =250 ##$$a Seri kecil-kecil punya karya =260 ##$$a 2009 $b Bandung =300 ##$$a 87 hlm, Ilus, 20 cm =650 ##$$a Bacaan Anak dan Remaja =700 ##$$a Ramadhan, Dadan =850 ##$$a NBPNMAT